Danh ngôn thế giới Lời hay ý đẹp
Αποθηκεύτηκε σε:
| Κύριος συγγραφέας: | |
|---|---|
| Μορφή: | Βιβλίο |
| Γλώσσα: | Undetermined |
| Έκδοση: |
Tp. HCM
Nxb. Văn nghệ Tp. HCM.
2000
|
| Θέματα: | |
| Ετικέτες: |
Προσθήκη ετικέτας
Δεν υπάρχουν, Καταχωρήστε ετικέτα πρώτοι!
|
| Thư viện lưu trữ: | Trung tâm Học liệu Trường Đại học Cần Thơ |
|---|
| LEADER | 00555nam a2200181Ia 4500 | ||
|---|---|---|---|
| 001 | CTU_42112 | ||
| 008 | 210402s9999 xx 000 0 und d | ||
| 082 | |a 398.9 | ||
| 082 | |b Th107 | ||
| 100 | |a Thanh Vân | ||
| 245 | 0 | |a Danh ngôn thế giới | |
| 245 | 0 | |b Lời hay ý đẹp | |
| 245 | 0 | |c Thanh Vân, Nguyễn Duy Nhường | |
| 260 | |a Tp. HCM | ||
| 260 | |b Nxb. Văn nghệ Tp. HCM. | ||
| 260 | |c 2000 | ||
| 650 | |a language and languages - terms and phrases,proverbs | ||
| 980 | |a Trung tâm Học liệu Trường Đại học Cần Thơ | ||